[Event "5. HSK Oster-Open 2019"]
[Site "Hamburg"]
[Date "2019.04.19"]
[Round "1.34"]
[White "Meyer, Harald"]
[Black "Schulz, Hans-Juergen"]
[Result "0-1"]
[WhiteElo "1298"]
[BlackElo "1815"]
[PlyCount "42"]
[EventDate "2019.04.19"]

1. d4 d5 2. c4 e6 3. e3 Nf6 4. Nc3 c5 5. Qc2 Nc6 6. cxd5 exd5 7. Nf3 Bd6 8.
dxc5 Bxc5 9. Bd2 O-O 10. Bd3 Be6 11. Ne2 Nb4 12. Bxb4 Bxb4+ 13. Kf1 Rc8 14. Qd1
Qe7 15. a3 Bd6 16. Nfd4 Nd7 17. h3 Qf6 18. Ng1 Ne5 19. Bc2 g6 20. g4 Nc4 21.
Rb1 Nxe3+ 0-1

[Event "5. HSK Oster-Open 2019"]
[Site "Hamburg"]
[Date "2019.04.19"]
[Round "1.35"]
[White "Chilton, Alexis"]
[Black "Stolzenwald, Frank"]
[Result "1/2-1/2"]
[WhiteElo "1809"]
[BlackElo "1292"]
[PlyCount "110"]
[EventDate "2019.04.19"]

1. e4 e5 2. Nf3 Nc6 3. Bc4 h6 4. d4 exd4 5. Nxd4 Nxd4 6. Qxd4 Qf6 7. Be3 Qxd4
8. Bxd4 d6 9. Nc3 Be6 10. Bxe6 fxe6 11. Nb5 Kd7 12. c4 Ne7 13. O-O-O Nc6 14.
Bc3 a6 15. Nd4 Rg8 16. Nxc6 Kxc6 17. e5 b5 18. exd6 cxd6 19. cxb5+ axb5 20. a3
Be7 21. Rhe1 e5 22. f4 Bf6 23. fxe5 dxe5 24. Bxe5 Bxe5 25. Rxe5 Rae8 26. Rxe8
Rxe8 27. Kc2 Re7 28. Rd2 Kc5 29. Rf2 Re5 30. g4 g6 31. Kd3 h5 32. b4+ Kd5 33.
h3 Rg5 34. Rg2 Re5 35. gxh5 Rxh5 36. Rg3 g5 37. Kc3 Ke4 38. Kb3 Kf4 39. Rd3 Rh8
40. a4 Ke4 41. Rc3 bxa4+ 42. Kxa4 Kd4 43. Kb3 Rh5 44. b5 Rh8 45. Kb4 Rh7 46.
Rg3 Rh6 47. Ka5 Rh5 48. b6 g4+ 49. Ka6 gxh3 50. Rg1 h2 51. Rh1 Rh6 52. Ka7 Rh3
53. b7 Ra3+ 54. Kb6 Rb3+ 55. Kc7 Rc3+ 1/2-1/2

[Event "5. HSK Oster-Open 2019"]
[Site "Hamburg"]
[Date "2019.04.19"]
[Round "1.37"]
[White "Lasschuit, Rene"]
[Black "Krüger, Dietrich"]
[Result "1-0"]
[WhiteElo "1775"]
[BlackElo "1230"]
[PlyCount "47"]
[EventDate "2019.04.19"]

1. Nf3 d5 2. g3 Bf5 3. Bg2 Nf6 4. O-O Nbd7 5. d4 h6 6. c4 e6 7. Nc3 Be7 8. Qb3
dxc4 9. Qxc4 Nb6 10. Qb3 O-O 11. Rd1 Nfd5 12. Ne5 Bg6 13. Nxg6 fxg6 14. e4 Nxc3
15. Qxe6+ Kh7 16. bxc3 Rf6 17. Qb3 c6 18. Bf4 Qf8 19. Be3 g5 20. c4 Qf7 21. e5
Re6 22. a4 Rb8 23. a5 Nc8 24. Bh3 1-0

[Event "5. HSK Oster-Open 2019"]
[Site "Hamburg"]
[Date "2019.04.19"]
[Round "2.1"]
[White "Apitzsch, Leon Fabian"]
[Black "Genov, Petar"]
[Result "1/2-1/2"]
[WhiteElo "1971"]
[BlackElo "2431"]
[PlyCount "108"]
[EventDate "2019.04.19"]

1. c4 Nf6 2. Nc3 c5 3. g3 e6 4. Nf3 b6 5. Bg2 Bb7 6. O-O Be7 7. b3 O-O 8. Bb2
d6 9. d4 cxd4 10. Qxd4 a6 11. Rfd1 Nbd7 12. Nd2 Bxg2 13. Kxg2 Rc8 14. Nde4 Rc6
15. Rac1 Qc7 16. h3 Rc8 17. a3 Qb7 18. Kg1 Bf8 19. Nxf6+ Nxf6 20. Ne4 Nxe4 21.
Qxe4 b5 22. cxb5 Qxb5 23. Rxc6 Rxc6 24. b4 Rc4 25. Qb1 d5 26. e3 Qa4 27. Qa1 f6
28. Rc1 Qb3 29. Rc3 Rxc3 30. Bxc3 e5 31. Qb2 Qd1+ 32. Kg2 Kf7 33. Bd2 Qa4 34.
Qc3 Be7 35. Bc1 h6 36. h4 h5 37. Bb2 Bd6 38. Qd3 Qb5 39. Qxb5 axb5 40. Kf3 e4+
41. Kg2 Be5 42. Bd4 Ke6 43. Kh3 Kf5 44. Kg2 g5 45. hxg5 Bxd4 46. g6 Kxg6 47.
exd4 Kf5 48. Kh2 e3 49. fxe3 Ke4 50. a4 bxa4 51. b5 a3 52. b6 a2 53. b7 a1=Q
54. b8=Q Qf1 1/2-1/2

[Event "5. HSK Oster-Open 2019"]
[Site "Hamburg"]
[Date "2019.04.19"]
[Round "2.2"]
[White "Meissner, Felix"]
[Black "Renger, Maik"]
[Result "1-0"]
[WhiteElo "2410"]
[BlackElo "2029"]
[PlyCount "67"]
[EventDate "2019.04.19"]

1. e4 c5 2. Nf3 Nc6 3. Bb5 a6 4. Bxc6 bxc6 5. O-O d6 6. h3 e5 7. c3 Nf6 8. Re1
Be7 9. d4 cxd4 10. cxd4 Qc7 11. Nc3 O-O 12. Bg5 Bb7 13. Rc1 c5 14. dxe5 dxe5
15. Bxf6 Bxf6 16. Nd5 Bxd5 17. Qxd5 Rac8 18. Qc4 Qb7 19. b3 Qb5 20. Red1 Rfe8
21. Rd5 Qa5 22. Rc2 h6 23. Rd6 Red8 24. Rxa6 Rd1+ 25. Kh2 Qd8 26. Ra7 Rd7 27.
Rxd7 Qxd7 28. b4 g5 29. bxc5 g4 30. c6 Qe7 31. hxg4 Bg5 32. g3 Rc7 33. Qd5 Qf6
34. Kg2 1-0

[Event "5. HSK Oster-Open 2019"]
[Site "Hamburg"]
[Date "2019.04.19"]
[Round "2.3"]
[White "Streich, Justus"]
[Black "Pfreundt, Jakob"]
[Result "0-1"]
[WhiteElo "1963"]
[BlackElo "2381"]
[PlyCount "56"]
[EventDate "2019.04.19"]

1. e4 e5 2. Nf3 Nf6 3. Nxe5 d6 4. Nf3 Nxe4 5. Nc3 Nf6 6. d4 Be7 7. Ne2 O-O 8.
Ng3 Re8 9. Be2 Nbd7 10. O-O Nf8 11. d5 Ng6 12. h3 Bf8 13. Be3 Bd7 14. Qd4 h6
15. Rfd1 Ne5 16. c4 g6 17. Rac1 Bg7 18. Qd2 Nxf3+ 19. Bxf3 Kh7 20. c5 Ba4 21.
Re1 Nd7 22. Bd1 Bxd1 23. Rexd1 Ne5 24. Qc2 Qh4 25. Rd4 Nf3+ 26. gxf3 Bxd4 27.
Nf5 gxf5 28. Qxf5+ Kh8 0-1

[Event "5. HSK Oster-Open 2019"]
[Site "Hamburg"]
[Date "2019.04.19"]
[Round "2.4"]
[White "Tomov, Georgi"]
[Black "Aumüller, Ingo"]
[Result "1-0"]
[WhiteElo "2319"]
[BlackElo "1983"]
[PlyCount "87"]
[EventDate "2019.04.19"]

1. e4 Nc6 2. Nf3 e5 3. Bc4 Bc5 4. O-O d6 5. c3 Qe7 6. d4 Bb6 7. a4 a6 8. Be3
Nf6 9. dxe5 Nxe5 10. Nxe5 dxe5 11. Bxb6 cxb6 12. Nd2 Qc7 13. Qe2 Bd7 14. Bb3
O-O 15. Rfe1 Rad8 16. Nf1 Bc6 17. Ng3 Rd7 18. Rad1 Rfd8 19. Rxd7 Rxd7 20. Qe3
h6 21. f3 Qd8 22. Nf5 Kh7 23. Qc1 Nh5 24. g3 g5 25. Rd1 Nf6 26. Rxd7 Qxd7 27.
Kf2 Ne8 28. Qe3 Bxa4 29. Bxa4 Qxa4 30. Qxb6 Qc2+ 31. Ke3 Qc1+ 32. Kd3 Qd1+ 33.
Kc4 Qe2+ 34. Kb3 Qd1+ 35. Kb4 Qd7 36. Qxh6+ Kg8 37. Qxg5+ Kf8 38. Qh6+ Kg8 39.
c4 Qd8 40. h4 a5+ 41. Kc3 Qd7 42. Qd2 Qa4 43. Qg5+ Kh7 44. Qh6+ 1-0

[Event "5. HSK Oster-Open 2019"]
[Site "Hamburg"]
[Date "2019.04.19"]
[Round "2.5"]
[White "Krause, Max"]
[Black "Lammers, Markus"]
[Result "0-1"]
[WhiteElo "1934"]
[BlackElo "2318"]
[PlyCount "26"]
[EventDate "2019.04.19"]

1. e4 e5 2. Nf3 Nf6 3. Nxe5 d6 4. Nf3 Nxe4 5. d4 d5 6. Bd3 Bd6 7. O-O O-O 8. c4
c6 9. Nc3 Nxc3 10. bxc3 dxc4 11. Bxc4 Bg4 12. Bg5 Bxf3 13. Bxd8 Bxd1 0-1

[Event "5. HSK Oster-Open 2019"]
[Site "Hamburg"]
[Date "2019.04.19"]
[Round "2.6"]
[White "Höffer, David"]
[Black "Giacometto, Mario"]
[Result "1/2-1/2"]
[WhiteElo "2314"]
[BlackElo "1965"]
[PlyCount "105"]
[EventDate "2019.04.19"]

1. Nf3 d5 2. d4 Nf6 3. c4 e6 4. g3 Bb4+ 5. Bd2 Be7 6. Bg2 c6 7. Qc2 O-O 8. O-O
Nbd7 9. Bf4 Nh5 10. Nbd2 Nxf4 11. gxf4 Nf6 12. Ne5 Bd7 13. c5 b6 14. b4 bxc5
15. bxc5 Qc7 16. Qa4 Rfb8 17. Rab1 Be8 18. e3 Bd8 19. Bf3 Kf8 20. Be2 Ng8 21.
Ba6 f6 22. Nd3 Rxb1 23. Rxb1 Rb8 24. Rxb8 Qxb8 25. Nb4 Ne7 26. Bd3 a5 27. Nc2
e5 28. fxe5 fxe5 29. Qb3 Qc8 30. Kf1 e4 31. Be2 Qh3+ 32. Ke1 Qxh2 33. Nf1 Qc7
34. Ng3 Bg6 35. Bg4 Be8 36. Kd2 Bd7 37. Bxd7 Qxd7 38. Qb8 Qc7 39. Qb1 a4 40.
Qh1 Kg8 41. a3 Qb7 42. Kc1 Ba5 43. Ne2 Qb5 44. Qh5 Kf8 45. Nf4 g6 46. Qxh7 Qf1+
47. Kb2 Qb5+ 48. Nb4 Ke8 49. Nxg6 Qe2+ 50. Nc2 Qb5+ 51. Kc1 Qf1+ 52. Kb2 Qb5+
53. Kc1 1/2-1/2

[Event "5. HSK Oster-Open 2019"]
[Site "Hamburg"]
[Date "2019.04.19"]
[Round "2.8"]
[White "Reher, Wolfgang"]
[Black "Bracker, Arne"]
[Result "0-1"]
[WhiteElo "1906"]
[BlackElo "2199"]
[PlyCount "72"]
[EventDate "2019.04.19"]

1. f4 d5 2. Nf3 g6 3. e3 Bg7 4. d4 Nf6 5. Bd3 O-O 6. O-O c5 7. c3 Qc7 8. Ne5
Nc6 9. Nd2 Rb8 10. Ndf3 b5 11. a3 c4 12. Bc2 a5 13. Bd2 Ne4 14. Nxc6 Qxc6 15.
Be1 f6 16. Qe2 Bd7 17. h3 b4 18. axb4 axb4 19. cxb4 Nd6 20. Bc3 Bf5 21. Bxf5
Nxf5 22. Kh2 Rb7 23. Ra5 e6 24. Rfa1 Rfb8 25. Rc5 Qd7 26. e4 dxe4 27. Qxe4 Bf8
28. Re1 Rb6 29. d5 Bxc5 30. dxe6 Qe7 31. bxc5 Qxc5 32. Bxf6 Re8 33. Rc1 Rbxe6
34. Rxc4 Qf2 35. Be5 Ne3 36. Ng5 Nf1+ 0-1

[Event "5. HSK Oster-Open 2019"]
[Site "Hamburg"]
[Date "2019.04.19"]
[Round "2.9"]
[White "Kahlert, Thomas"]
[Black "Christensen, Andreas"]
[Result "1/2-1/2"]
[WhiteElo "2174"]
[BlackElo "1841"]
[PlyCount "43"]
[EventDate "2019.04.19"]

1. c4 Nf6 2. Nc3 g6 3. e4 d6 4. d4 Bg7 5. Nf3 O-O 6. Be2 e5 7. dxe5 dxe5 8.
Qxd8 Rxd8 9. Nd5 Nxd5 10. cxd5 h6 11. Be3 c6 12. Bc4 cxd5 13. Bxd5 Na6 14. Ke2
Nc7 15. Bb3 Be6 16. Rhd1 Bxb3 17. axb3 Nb5 18. Rxd8+ Rxd8 19. Nd2 Bf8 20. Nc4
f6 21. f3 Kg7 22. Rd1 1/2-1/2

[Event "5. HSK Oster-Open 2019"]
[Site "Hamburg"]
[Date "2019.04.19"]
[Round "2.10"]
[White "Grabbel, Lennart Christian"]
[Black "Franke, Lutz"]
[Result "0-1"]
[WhiteElo "1819"]
[BlackElo "2156"]
[PlyCount "106"]
[EventDate "2019.04.19"]

1. d4 e6 2. c4 f5 3. Nc3 Nf6 4. g3 Bb4 5. Bg2 O-O 6. Nf3 d6 7. O-O Nbd7 8. e4
Bxc3 9. bxc3 Nxe4 10. Qd3 Qe7 11. Ba3 Rb8 12. Rfe1 Qf6 13. Re2 Re8 14. Rae1 Nf8
15. Nd2 Nxd2 16. Qxd2 Ng6 17. c5 f4 18. Bh1 dxc5 19. Bxc5 b6 20. Ba3 Ba6 21.
Re4 Rbd8 22. gxf4 Bb7 23. R4e3 Bxh1 24. Kxh1 Qxf4 25. Qe2 e5 26. dxe5 c5 27. e6
Rd6 28. Bb2 Qf5 29. c4 Nf8 30. e7 Ng6 31. Ba1 Rd7 32. f4 Rdxe7 33. Qb2 Qf7 34.
Rxe7 Rxe7 35. Rxe7 Qxe7 36. f5 Qe4+ 37. Kg1 Qg4+ 38. Qg2 Qxg2+ 39. Kxg2 Nh4+
40. Kf2 Nxf5 41. Be5 Nd4 42. Ke3 Nc6 43. Bg3 Kf7 44. Ke4 Ke6 45. Bf4 Na5 46.
Bb8 a6 47. Kd3 Nc6 48. Bg3 Ne5+ 49. Kc3 b5 50. cxb5 axb5 51. Bf2 Kd5 52. Bg3 g5
53. Bf2 h5 0-1

[Event "5. HSK Oster-Open 2019"]
[Site "Hamburg"]
[Date "2019.04.19"]
[Round "2.11"]
[White "Brinkmann, Fabian"]
[Black "Solar, Peter"]
[Result "1-0"]
[WhiteElo "2136"]
[BlackElo "1806"]
[PlyCount "48"]
[EventDate "2019.04.19"]

1. e4 b6 2. d4 Bb7 3. Bd3 e6 4. Nf3 d6 5. O-O Nd7 6. c4 Ne7 7. Nc3 g6 8. Bf4
Bg7 9. Qd2 h6 10. h4 e5 11. dxe5 Nxe5 12. Be2 N7c6 13. Nxe5 Nxe5 14. h5 gxh5
15. Bxe5 Bxe5 16. f4 Bxc3 17. Qxc3 Rg8 18. Qh3 Qd7 19. Qxh5 O-O-O 20. Bf3 Qe6
21. b3 Rg3 22. Rae1 Rdg8 23. Re2 f5 24. exf5 Qxe2 1-0

[Event "5. HSK Oster-Open 2019"]
[Site "Hamburg"]
[Date "2019.04.19"]
[Round "2.12"]
[White "Schulz, Hans-Juergen"]
[Black "Günther, Patrick"]
[Result "0-1"]
[WhiteElo "1815"]
[BlackElo "2065"]
[PlyCount "66"]
[EventDate "2019.04.19"]

1. e4 c5 2. b4 cxb4 3. Bb2 Nc6 4. d4 d5 5. exd5 Qxd5 6. c4 bxc3 7. Nxc3 Qa5 8.
d5 Nb8 9. Bc4 Nf6 10. Nf3 g6 11. O-O Bg7 12. Re1 O-O 13. Rxe7 Qc5 14. Qe2 Bg4
15. Bb3 Bxf3 16. gxf3 Nbd7 17. Rxd7 Nxd7 18. Ne4 Qb6 19. Bxg7 Kxg7 20. d6 Rad8
21. Rd1 Qa5 22. Rd5 Qa3 23. Qd2 b6 24. Qc3+ f6 25. Ng5 Rfe8 26. Rd4 Qc5 27. Rh4
Qxg5+ 28. Rg4 Qe5 29. Qc7 Qc5 30. Qxa7 Qxd6 31. Rc4 Rc8 32. Qa4 Rxc4 33. Qxc4
Ne5 0-1

[Event "5. HSK Oster-Open 2019"]
[Site "Hamburg"]
[Date "2019.04.19"]
[Round "2.13"]
[White "Warns, Heiko"]
[Black "Rudolph, Jens-Erik"]
[Result "1-0"]
[WhiteElo "2092"]
[BlackElo "1812"]
[PlyCount "63"]
[EventDate "2019.04.19"]

1. e4 d6 2. g3 e5 3. Bg2 Nf6 4. Ne2 Be7 5. d4 c6 6. b3 Qa5+ 7. Qd2 Qc7 8. Bb2
Nbd7 9. Na3 b5 10. c4 a6 11. Rc1 Qb8 12. cxb5 axb5 13. Nc2 c5 14. dxe5 dxe5 15.
Ne3 g6 16. O-O Bb7 17. Nc3 b4 18. Ncd5 Nxd5 19. exd5 Rxa2 20. Nc4 Ba6 21. f4
Bxc4 22. Rxc4 O-O 23. f5 Bf6 24. Be4 Qd6 25. Bb1 Ra5 26. Rg4 g5 27. h4 h6 28.
hxg5 Bxg5 29. Rxg5+ hxg5 30. Qxg5+ Kh8 31. f6 Nxf6 32. Rxf6 1-0

[Event "5. HSK Oster-Open 2019"]
[Site "Hamburg"]
[Date "2019.04.19"]
[Round "2.14"]
[White "Andris, Valentin"]
[Black "Noack, Reiner"]
[Result "1-0"]
[WhiteElo "1796"]
[BlackElo "2082"]
[PlyCount "75"]
[EventDate "2019.04.19"]

1. d4 Nf6 2. c4 c5 3. d5 b5 4. cxb5 a6 5. bxa6 Bxa6 6. Nc3 g6 7. Nf3 Bg7 8. e4
Bxf1 9. Kxf1 d6 10. g3 O-O 11. Kg2 Qb6 12. Re1 Nfd7 13. h4 h6 14. h5 g5 15. Nh2
Na6 16. Ng4 c4 17. Ne3 Ne5 18. Nf5 Nd3 19. Re2 e6 20. Na4 Qc7 21. Nxg7 Kxg7 22.
Be3 Rfb8 23. Rb1 exd5 24. Bd4+ Kg8 25. exd5 Qa5 26. Nc3 Re8 27. Rxe8+ Rxe8 28.
Qf3 Nac5 29. Qf6 Ne5 30. Qxh6 Ne4 31. Nxe4 Qxd5 32. f3 Re6 33. Qxg5+ Kf8 34.
Qd8+ Kg7 35. Rd1 f6 36. Bxe5 Qxe5 37. h6+ Kh7 38. Qf8 1-0

[Event "5. HSK Oster-Open 2019"]
[Site "Hamburg"]
[Date "2019.04.19"]
[Round "2.15"]
[White "Grötzbach, Daniel"]
[Black "Lasschuit, Rene"]
[Result "1-0"]
[WhiteElo "2067"]
[BlackElo "1775"]
[PlyCount "105"]
[EventDate "2019.04.19"]

1. e4 c5 2. Nf3 Nc6 3. d4 cxd4 4. Nxd4 g6 5. c4 Bg7 6. Be3 Nf6 7. Nc3 O-O 8.
Be2 d6 9. O-O Nxd4 10. Bxd4 Bd7 11. f4 Bc6 12. Bf3 e5 13. fxe5 dxe5 14. Bxe5
Re8 15. Bd6 Nxe4 16. Nxe4 Bxe4 17. Bxe4 Rxe4 18. Qd5 Re6 19. Rad1 Qd7 20. c5
Rd8 21. Qb3 Rde8 22. Be5 Qc6 23. Bxg7 Kxg7 24. Rc1 R8e7 25. Rc2 Kg8 26. Qd3 Qd7
27. Qxd7 Rxd7 28. h3 Rde7 29. Rf3 Kf8 30. Ra3 a6 31. c6 Rxc6 32. Rxc6 bxc6 33.
Rxa6 Re2 34. Rb6 Ke8 35. Rb7 h5 36. a4 f5 37. a5 Kd8 38. a6 Kc8 39. Rg7 Kb8 40.
Rxg6 Rxb2 41. Rxc6 Ka7 42. Rf6 Rb5 43. Kf2 Rb2+ 44. Kf3 Rb3+ 45. Kf4 Rb4+ 46.
Kxf5 Rb2 47. g4 hxg4 48. hxg4 Rf2+ 49. Kg6 Rd2 50. g5 Kb8 51. Kg7 Kc8 52. g6
Kd8 53. Kf7 1-0

[Event "5. HSK Oster-Open 2019"]
[Site "Hamburg"]
[Date "2019.04.19"]
[Round "2.16"]
[White "Pothast, Laurenz"]
[Black "Avdic, Faris"]
[Result "1/2-1/2"]
[WhiteElo "1774"]
[BlackElo "2043"]
[PlyCount "108"]
[EventDate "2019.04.19"]

1. e4 e6 2. d4 d5 3. e5 c5 4. c3 Nc6 5. Nf3 Qb6 6. a3 Nh6 7. b4 cxd4 8. cxd4
Nf5 9. Be3 Nxe3 10. fxe3 Bd7 11. Bd3 Be7 12. O-O O-O 13. Nc3 f6 14. exf6 Bxf6
15. Rc1 Ne7 16. Ne2 Bb5 17. Bxb5 Qxb5 18. Nf4 Nf5 19. Qb3 Qb6 20. Kh1 Rae8 21.
Rc3 Nd6 22. Nd3 Nc4 23. Nc5 Qc7 24. Rd1 b6 25. Na6 Qb7 26. b5 Rc8 27. Nb4 Na5
28. Qc2 Rxc3 29. Qxc3 Rc8 30. Qd3 Qc7 31. Kg1 Qc4 32. Kf2 Qxd3 33. Rxd3 Be7 34.
Ne5 Bxb4 35. axb4 Rc2+ 36. Ke1 Nc4 37. Nxc4 dxc4 38. Rd2 Rc1+ 39. Rd1 Rc3 40.
Kd2 Rb3 41. Ra1 Rxb4 42. Kc3 Rxb5 43. Rxa7 Rb3+ 44. Kxc4 Rxe3 45. Ra2 Kf7 46.
Rb2 g5 47. g3 h5 48. Rxb6 Re2 49. h4 gxh4 50. gxh4 Re4 51. Rb5 Rxh4 52. Kd3 Kf6
53. Ke3 Kg6 54. d5 exd5 1/2-1/2

[Event "5. HSK Oster-Open 2019"]
[Site "Hamburg"]
[Date "2019.04.19"]
[Round "2.18"]
[White "Sickmann, Lisa"]
[Black "Trisic, Aleksandar"]
[Result "0-1"]
[WhiteElo "1382"]
[BlackElo "2307"]
[PlyCount "50"]
[EventDate "2019.04.19"]

1. e4 c5 2. Nf3 e6 3. d4 cxd4 4. Nxd4 a6 5. Bd3 Nc6 6. Nxc6 bxc6 7. c4 Bc5 8.
O-O Ne7 9. Nc3 Ng6 10. Kh1 e5 11. Ne2 O-O 12. Ng3 Bb7 13. b3 d5 14. exd5 cxd5
15. cxd5 Bxd5 16. Bb2 Bxg2+ 17. Kxg2 Nf4+ 18. Kg1 Nxd3 19. Bc3 f5 20. Qe2 e4
21. Rad1 Ra7 22. Qc2 Rd7 23. Kg2 Qh4 24. b4 Qh3+ 25. Kg1 Nf4 0-1

[Event "5. HSK Oster-Open 2019"]
[Site "Hamburg"]
[Date "2019.04.19"]
[Round "2.19"]
[White "Kotyk, Michael"]
[Black "Chilton, Alexis"]
[Result "1/2-1/2"]
[WhiteElo "1960"]
[BlackElo "1809"]
[PlyCount "68"]
[EventDate "2019.04.19"]

1. d4 Nf6 2. c4 g6 3. Nc3 d5 4. cxd5 Nxd5 5. e4 Nxc3 6. bxc3 Bg7 7. Qa4+ Bd7 8.
Qa3 O-O 9. Nf3 Nc6 10. Be3 e5 11. d5 Ne7 12. Bc4 Nc8 13. O-O Nd6 14. Nd2 b6 15.
f3 Kh8 16. Bd3 f5 17. c4 f4 18. Bf2 c5 19. dxc6 Bxc6 20. Rfd1 Rf7 21. Nb3 Rd7
22. Rdc1 Nb7 {(=)} 23. Be2 Bf8 24. Qb2 Qf6 25. Be1 Nc5 26. Bc3 Re8 27. Qc2 Na4
28. Be1 Nc5 29. Rd1 Red8 30. Rxd7 Rxd7 31. Rd1 Rxd1 32. Qxd1 Qd6 33. Nxc5 Qxd1
34. Bxd1 Bxc5+ 1/2-1/2

[Event "5. HSK Oster-Open 2019"]
[Site "Hamburg"]
[Date "2019.04.19"]
[Round "2.20"]
[White "Stolzenwald, Frank"]
[Black "Atri, Jamshid"]
[Result "0-1"]
[WhiteElo "1292"]
[BlackElo "1942"]
[PlyCount "63"]
[EventDate "2019.04.19"]

1. e4 e5 2. Nf3 Nc6 3. Bb5 a6 4. Bxc6 bxc6 5. Nxe5 Qe7 6. Ng4 Qxe4+ 7. Qe2
Qxe2+ 8. Kxe2 d6 9. h3 Be7 10. b3 Nf6 11. Nxf6+ Bxf6 12. c3 c5 13. Na3 O-O 14.
Nc2 Re8+ 15. Ne3 a5 16. Bb2 a4 17. Rab1 axb3 18. axb3 Rb8 19. Ba3 Ba6+ 20. Kf3
Bd3 21. Rb2 Ra8 22. Ra1 h5 23. Rba2 Ra7 24. Bb2 Rb7 25. Ra3 Reb8 26. Nd5 Bd8
27. b4 Bc4 28. Ne3 Be6 29. Nc2 Bf6 30. Ra8 Rxa8 31. Rxa8+ Kh7 32. Ba3 0-1

[Event "5. HSK Oster-Open 2019"]
[Site "Hamburg"]
[Date "2019.04.19"]
[Round "2.21"]
[White "Genov, Valentin"]
[Black "Lohmann, Rene Alexander"]
[Result "1-0"]
[WhiteElo "1727"]
[BlackElo "1499"]
[PlyCount "49"]
[EventDate "2019.04.19"]

1. d4 d5 2. c4 e6 3. Nc3 Nf6 4. Nf3 Nbd7 5. Bg5 c6 6. e3 Qa5 7. Bxf6 Nxf6 8.
cxd5 exd5 9. Bd3 Bd6 10. h3 O-O 11. O-O Re8 12. Qc2 h6 13. a3 Bd7 14. b4 Qc7
15. Na4 Qc8 16. Nc5 Bxh3 17. Nxb7 Bxg2 18. Bf5 Qxb7 19. Kxg2 Ne4 20. Rfc1 g6
21. Bh3 f5 22. Qxc6 Qxc6 23. Rxc6 Kf7 24. Nh4 Be7 25. Nxg6 1-0

[Event "5. HSK Oster-Open 2019"]
[Site "Hamburg"]
[Date "2019.04.19"]
[Round "2.22"]
[White "Schwarzkopf, Jörg"]
[Black "Fuhrmann, Frederik"]
[Result "1-0"]
[WhiteElo "1857"]
[BlackElo "1550"]
[PlyCount "53"]
[EventDate "2019.04.19"]

1. e4 d6 2. d4 Nf6 3. Nc3 g6 4. Bc4 Bg7 5. Qe2 Nc6 6. Nf3 Bg4 7. Be3 Nxe4 8.
Bxf7+ Kxf7 9. Nxe4 Ke8 10. O-O-O a6 11. h3 Bxf3 12. Qxf3 Rf8 13. Qe2 e5 14.
dxe5 Bxe5 15. Bg5 Qc8 16. f4 Rxf4 17. Bxf4 Bxf4+ 18. Kb1 Be5 19. Rxd6 Kf8 20.
Rf1+ Kg7 21. Rdd1 Qe8 22. Ng5 Rd8 23. Rxd8 Nxd8 24. Re1 Nc6 25. Nf3 Kf6 26. Qe3
Qe7 27. Qg5+ 1-0

[Event "5. HSK Oster-Open 2019"]
[Site "Hamburg"]
[Date "2019.04.19"]
[Round "2.23"]
[White "Eberhardt, Michael"]
[Black "Hinrichs, Winfried"]
[Result "1-0"]
[WhiteElo "1770"]
[BlackElo "1514"]
[PlyCount "137"]
[EventDate "2019.04.19"]

1. d4 Nf6 2. Bf4 g6 3. Nc3 Bg7 4. e4 d6 5. Nf3 O-O 6. Be2 Nbd7 7. O-O c5 8. d5
Ne8 9. Qd2 Ndf6 10. h3 Nh5 11. Bh6 Nef6 12. Bxg7 Kxg7 13. g4 Nxg4 14. hxg4 Bxg4
15. Nh2 Bh3 16. Bxh5 Bxf1 17. Kxf1 gxh5 18. Qg5+ Kh8 19. Qxh5 f6 20. Ke2 Rg8
21. Rh1 Qd7 22. Nf3 Rg7 23. Qh3 Qe8 24. Qf5 Qf7 25. Nd1 Rag8 26. Ne3 Qg6 27.
Qh3 Qxe4 28. Qf5 Qxf5 29. Nxf5 Rg6 30. Kf1 Re8 31. Rh4 a6 32. Re4 e5 33. Nxd6
Re7 34. Nf5 Rd7 35. c4 Kg8 36. d6 Kf7 37. N3h4 Ke6 38. f3 Rg5 39. Ne3 Kxd6 40.
f4 Rh5 41. f5 Rg7 42. Nd5 Rf7 43. Kf2 Rh6 44. Rg4 b5 45. Ne3 Kc6 46. b3 Rd7 47.
Nd5 Rh5 48. Nxf6 Rd2+ 49. Ke1 Rxf5 50. Nxf5 Rxa2 51. cxb5+ axb5 52. Ne4 Kb6 53.
Rh4 Rb2 54. Nd2 Rc2 55. Rxh7 Ka5 56. Re7 c4 57. bxc4 bxc4 58. Rxe5+ Kb4 59. Ne3
Rc1+ 60. Ke2 c3 61. Re4+ Ka3 62. Ndc4+ Kb3 63. Na5+ Kb2 64. Rb4+ Ka3 65. Rc4
Kb2 66. Nd1+ Ka3 67. Nxc3 Rc2+ 68. Kd3 Rh2 69. Ra4+ 1-0

[Event "5. HSK Oster-Open 2019"]
[Site "Hamburg"]
[Date "2019.04.19"]
[Round "2.24"]
[White "Mi, Gufeng"]
[Black "Ziefle, Stefan"]
[Result "0-1"]
[WhiteElo "1547"]
[BlackElo "1722"]
[PlyCount "80"]
[EventDate "2019.04.19"]

1. d4 Nf6 2. Bf4 d6 3. Nf3 Nh5 4. Bg3 Nxg3 5. hxg3 Bf5 6. e3 Nd7 7. Nh4 e6 8.
Nxf5 exf5 9. Bd3 g6 10. Nd2 Nf6 11. Qe2 Qe7 12. c4 Bg7 13. Rc1 c5 14. d5 O-O
15. b3 Rae8 16. Nf3 Ng4 17. Nh4 Qg5 18. O-O Re7 19. Nf3 Qh6 20. Qc2 Rfe8 21.
Rce1 Be5 22. Nh4 g5 23. Bxf5 gxh4 24. Bxg4 hxg3 25. Bh3 Qh4 26. f3 Bd4 27. Kh1
Bxe3 28. Qf5 Bd4 29. Rb1 Re2 30. Qg4+ Qxg4 31. Bxg4 Rxa2 32. f4 a5 33. Rfd1 Re4
34. Rf1 Bf2 35. Bh3 Rxf4 36. Rbd1 Rh4 37. Rd3 f5 38. Rf3 f4 39. Rd3 Bd4 40.
Rdf3 Rxh3+ 0-1

[Event "5. HSK Oster-Open 2019"]
[Site "Hamburg"]
[Date "2019.04.19"]
[Round "2.25"]
[White "Hinnenberg, Benjamin"]
[Black "Queißer, Jens"]
[Result "1-0"]
[WhiteElo "1689"]
[BlackElo "1431"]
[PlyCount "85"]
[EventDate "2019.04.19"]

1. d4 Nf6 2. Nf3 e6 3. c4 d5 4. g3 dxc4 5. Bg2 c5 6. O-O Nc6 7. e3 Be7 8. Qc2
O-O 9. Qxc4 cxd4 10. exd4 Nd5 11. Nc3 Nb6 12. Qd3 Bf6 13. Rd1 Nd5 14. a3 Rb8
15. Ne4 e5 16. dxe5 Nxe5 17. Nxe5 Bxe5 18. Qxd5 Be6 19. Qxd8 Rfxd8 20. Re1 Bd4
21. Bf4 Rbc8 22. Ng5 Rc2 23. Nxe6 Bxf2+ 24. Kf1 fxe6 25. Re2 Rxe2 26. Kxe2 e5
27. Bg5 Rf8 28. Bd5+ Kh8 29. Rf1 h6 30. Rxf2 Rxf2+ 31. Kxf2 hxg5 32. Bxb7 Kg8
33. Bd5+ Kf8 34. Kf3 Ke7 35. b4 Kd7 36. Ke4 Kd6 37. g4 a6 38. h3 g6 39. Bf7 Kc6
40. Kxe5 Kb5 41. Bb3 a5 42. bxa5 Kxa5 43. Kf6 1-0

[Event "5. HSK Oster-Open 2019"]
[Site "Hamburg"]
[Date "2019.04.19"]
[Round "2.26"]
[White "Dusper, Zdravko"]
[Black "Lu, Siyuan"]
[Result "0-1"]
[WhiteElo "1524"]
[BlackElo "1667"]
[PlyCount "64"]
[EventDate "2019.04.19"]

1. e4 e6 2. d4 d5 3. Nc3 Nf6 4. e5 Nfd7 5. Nf3 c5 6. Bb5 a6 7. Bxd7+ Nxd7 8.
O-O Be7 9. Ne2 O-O 10. c3 h6 11. Be3 Qc7 12. Qd2 Kh7 13. Ng3 Rg8 14. Rac1 Qd8
15. Qc2+ g6 16. Qd2 Bf8 17. h3 c4 18. Qc2 f5 19. exf6 Qxf6 20. h4 b5 21. h5 Bb7
22. hxg6+ Qxg6 23. Nh5 Bd6 24. Nf4 Qxc2 25. Rxc2 Raf8 26. Ne5 Nxe5 27. dxe5
Bxe5 28. Nxe6 Rf6 29. Nd4 Bc8 30. Kh1 Rfg6 31. f3 h5 32. Nf5 Bxf5 0-1

[Event "5. HSK Oster-Open 2019"]
[Site "Hamburg"]
[Date "2019.04.19"]
[Round "2.28"]
[White "Grotrian, Peter"]
[Black "Koch, Ralf-Johannes"]
[Result "0-1"]
[WhiteElo "1511"]
[BlackElo "1730"]
[PlyCount "92"]
[EventDate "2019.04.19"]

1. d4 Nf6 2. Bg5 Ne4 3. h4 c5 4. d5 Nxg5 5. hxg5 d6 6. g6 fxg6 7. e3 e5 8. dxe6
Bxe6 9. Nc3 Nd7 10. Nh3 Be7 11. Nf4 Bf7 12. Bd3 Ne5 13. Bb5+ Kf8 14. Qd2 a6 15.
Be2 Qd7 16. O-O-O Rd8 17. Nd3 Nc4 18. Qe1 Qc7 19. Rh3 Bf6 20. Nf4 Nxb2 21. Kxb2
Qa5 22. e4 Qxa2+ 23. Kc1 Qa3+ 24. Kd2 Qa5 25. Ra1 Qb4 26. Qb1 Qd4+ 27. Rd3 Qxf2
28. Ncd5 c4 29. Rda3 Bxd5 30. Nxd5 Bg5+ 31. Kc3 Qxe2 32. Qf1+ Qxf1 33. Rxf1+
Bf6+ 34. Kxc4 Kf7 35. Raf3 Rc8+ 36. Kd3 Rhf8 37. g4 Kg8 38. Rxf6 gxf6 39. Ne7+
Kg7 40. Nxc8 Rxc8 41. Rb1 Rc7 42. c4 Kf7 43. Kd4 Ke6 44. Rb6 h5 45. gxh5 gxh5
46. c5 Rxc5 0-1